| 000 | 01079nam a2200241Ia 4500 | ||
|---|---|---|---|
| 003 | GCL | ||
| 008 | 140319s9999 xx 000 0 ara d | ||
| 020 | _a2485299953 | ||
| 040 |
_aGCL / _cGCL |
||
| 082 | 0 | 4 |
_a322.43 _bت س |
| 100 | 1 | _aحسان البستانى | |
| 245 | 1 | 0 |
_aالسياسة الخارجية الامريكية : _bدور جماعات الضغط والمجموعات ذات الاهتمامات الخاصة / _cحسان البستانى |
| 700 | 1 | _aتيرى، جانيس ج . | |
| 250 | _aالاولى | ||
| 260 |
_aبيروت : _bالدار العربية للعلوم ، _c2006 |
||
| 300 |
_a240 ص ؛ _c24 سم |
||
| 650 | 0 | 4 | _aالنزاع العربى الاسرائيلى |
| 650 | 0 | 4 | _aالجماعات الضاغطة |
| 650 | 0 | 4 | _aمصر - الاحوال السياسية |
| 650 | 0 | 4 | _aالولايات المتحدة الامريكية - العلاقات الخارجية - الشرق الاوسط |
| 650 | 0 | 4 | _aالولايات المتحدة الامريكية - السياسة الخارجية - الشرق الاوسط |
| 942 |
_2ddc _cBK |
||
| 999 |
_c9454 _d9454 |
||